| 000 | 00644nam a2200229Ia 4500 | ||
|---|---|---|---|
| 003 | OSt | ||
| 005 | 20230518163750.0 | ||
| 008 | 210423s2014 xx 000 0 und d | ||
| 020 | _a978-0-19-808954-4 | ||
| 040 | _cAL | ||
| 041 | _aeng | ||
| 082 |
_a333 _223 _b CHAP |
||
| 100 |
_aCHAKRAVORTY (Sanjoy) _9109093 |
||
| 245 | _aPrice of land: acquisition conflict consequence | ||
| 260 |
_aNew Delhi _bOxford University Press _c2014 |
||
| 300 |
_axxx,273 _bHB |
||
| 365 |
_b825 _cINR |
||
| 650 |
_aEconomics _9109094 |
||
| 650 |
_aLand Economics _9109095 |
||
| 906 | _aacquisition ; conflict ; consequence ; land: ; Price | ||
| 942 |
_2ddc _cBK |
||
| 999 |
_c166814 _d166814 |
||